Cd̤igo IGS y directrices revisadas para la implantacin̤ del Cd̤igo IGS

Bibliographic Details
Corporate Author: Organizacin̤ Mart̕ima Internacional
Format: eBook
Language:Spanish
Published: Londres : Organizacin̤ Mr̀itima Internacional, 2003
Subjects:
Online Access:Acceso restringido

MARC

LEADER 00000nam a2200000 a 4500
005 2011093009199.0
008 060216s2003 xxk|||||s 001 ||spa|c
020 |a 9280135694 
035 |a 5276 
040 |d vLex 
090 |c 2576  |d 2576 
245 0 0 |a Cd̤igo IGS y directrices revisadas para la implantacin̤ del Cd̤igo IGS  |h [Recurso electrn̤ico] 
256 |a Servicio en ln̕ea. 
260 |a Londres :  |b Organizacin̤ Mr̀itima Internacional,  |c 2003 
300 |a 1 recurso electrn̤ico 
500 |a Avantt̕ulo: Cd̤igo Internacional de Gestin̤ de la Seguridad 
506 1 |a Contenido solo disponible en los productos indicados  |d vLex Global  |d vLex Global (Academic Edition, excluding Law Schools)  |d vLex Global (U.S. Academic Edition, Law Schools)  |d vLex Global (U.S. Academic Edition, excluding Law Schools)  |d vLex Global (Academic Edition, Law Schools) 
630 0 4 |a Cd̤igo internacional de la gestin̤ de la seguridad 
650 0 4 |a barcos  |x Medidas de seguridad  |x Normas 
650 0 4 |a Barcos de carga  |x Medidas de seguridad 
710 2 |a Organizacin̤ Mart̕ima Internacional 
730 0 |a Cd̤igo Internacional de gestin̤ de la Seguridad (2002) 
740 0 |a vLex Libros (Servicio en ln̕ea) 
856 4 0 |u http://vlex.com/source/codigo-igs-directrices-implantacion-5276  |z Acceso restringido 
942 |c BOOK